000 00901nam a2200253 i 4500
001 91781
003 ES-MaACL
005 20250823063046.0
007 t|
008 050214s2004 sp af |||| |bspa d
020 _a84-933509-4-X
080 _a929Gutiérrez, José Luis
080 _a070(460)"1975/96"
100 1 _aGutiérrez Suárez, José Luis
_961063
245 1 0 _aDías de papel
_b: una evocación sentimental de algunos avatares de la Prensa en los 25 años de la Constitución española /
_cJosé Luis Gutiérrez.
250 _a2ª ed., [amp.].
260 _aMadrid :
_bSaber y Comunicación,
_c2004.
300 _aXXXI, 406 p., [20] p. de lám. ;
_c22 cm.
600 1 4 _aGutiérrez Suárez, José Luis
_961063
650 1 4 _aPrensa-
_zEspaña-
_y1975-1982.
_916356
650 1 4 _aPrensa-
_zEspaña-
_y1982-1996.
_916357
852 _aES-MaACL
_jL-28842
999 _c91781
_d91781